Proceedings of the Conference of Commissions of Inter-American Development

Gespeichert in:
Bibliographische Detailangaben
Format: Buch
Sprache:Englisch
Veröffentlicht: Washington, D.C Inter-American Development Commission 1944
Schlagworte:
Tags: Tag hinzufügen
Keine Tags, Fügen Sie den ersten Tag hinzu!

MARC

LEADER 00000nam a2200000 a 4500
001 UCT7999
003 CL-VaPUC
005 20230119074134.0
008 970317e19440000us 1 eng d
082 0 4 |a 327.17  |b PRO  |2 21 
245 1 0 |a Proceedings of the Conference of Commissions of Inter-American Development 
260 |a Washington, D.C  |b Inter-American Development Commission  |c 1944 
300 |a 206 p 
583 |a last modification  |c 19970317 00:00:00  |k Rodrigo Vera 
650 0 0 |a Cooperación internacional  |9 255447 
650 0 0 |a Relaciones Internacionales  |9 255740 
650 0 0 |a Desarrollo económico y social   |9 256320 
650 0 0 |a Desarrollo industrial  |9 322675 
650 0 7 |a EMPRESAS PRIVADAS  |2 CL-VaPUC  |9 314122 
650 0 0 |a Trabajo  |9 313876 
650 0 0 |a Agricultura  |9 255598 
650 0 7 |a COMERCIO INTERNACIONAL  |2 CL-VaPUC  |9 618194 
651 0 |a América  |9 255182 
942 |c BK 
945 |a paguirre  |d 19970317 00:00:00 
546 |a En Inglés 
536 |a Inter-American Development Commission 
518 |p Conference of Commissions of Inter-American Developmnet, 1, New York, 9 al 18 de Mayo de 1944 
999 |c 382830  |d 382828 
952 |0 0  |1 0  |4 0  |6 327_170000000000000_PRO_1944  |7 0  |8 A  |9 504722  |a BIBDER  |b BIBDER  |d 2020-01-23  |i 1811665  |o 327.17 PRO 1944  |p 1811665  |r 2023-01-25  |w 2020-01-23  |y BK  |k DER